Programmatische Oberflächen: Beobachtungen zu Kirchenausstattungen im Königreich Hannover zwischen 1848 und 1866

Saved in:  
Bibliographic Details
Main Author: Richter, Jörg 1968- (Author)
Format: Print Article
Language:German
Check availability: HBZ Gateway
Interlibrary Loan:Interlibrary Loan for the Fachinformationsdienste (Specialized Information Services in Germany)
Published: 2019
In: Conrad Wilhelm Hase (1818-1902)
Year: 2019, Pages: 123-139

MARC

LEADER 00000caa a2200000 c 4500
001 1679335790
003 DE-627
005 20230531162838.0
007 tu
008 191022s2019 xx ||||| 00| ||ger c
020 |a 9783731909040 
035 |a (DE-627)1679335790 
035 |a (DE-599)KXP1679335790 
040 |a DE-627  |b ger  |c DE-627  |e rda 
041 |a ger 
084 |a 1  |2 ssgn 
100 1 |e VerfasserIn  |0 (DE-588)188487778  |0 (DE-627)699410916  |0 (DE-576)135355761  |4 aut  |a Richter, Jörg  |d 1968- 
109 |a Richter, Jörg 1968- 
245 1 0 |a Programmatische Oberflächen  |b Beobachtungen zu Kirchenausstattungen im Königreich Hannover zwischen 1848 und 1866  |c Jörg Richter 
264 1 |c 2019 
300 |b Illustrationen 
336 |a Text  |b txt  |2 rdacontent 
337 |a ohne Hilfsmittel zu benutzen  |b n  |2 rdamedia 
338 |a Band  |b nc  |2 rdacarrier 
601 |a Oberflächlichkeit 
601 |a Beobachtung 
601 |a Königreich 
773 0 8 |i Enthalten in  |a Conrad Wilhelm Hase (1818-1902) (Veranstaltung : 2018 : Hannover)  |t Conrad Wilhelm Hase (1818-1902)  |d Petersberg : Michael Imhof Verlag, 2019  |g (2019), Seite 123-139  |h 214 Seiten  |w (DE-627)1678246557  |z 9783731909040  |z 3731909049  |7 nnam 
773 1 8 |g year:2019  |g pages:123-139 
951 |a AR 
ELC |b 1 
ORI |a SA-MARC-ixtheo_oa001.raw